000
00318nam a2200121Ia 4500
005
20251222155121.0
008
251222s9999||||xx |||||||||||||| ||spa||
082
_a
ADM.52.1-2
100
_a
DELGADO DE LA Flor
245
0
_a
Hacia un sistema de normas academicas de gestión calidad
264
_b
No tiene
942
_c
LIB
999
_c
38442
_d
38442